Cơ sở giải tích hiện đại; T.5 Eléments d'analyse
Đã lưu trong:
| Príomhúdar: | |
|---|---|
| Formáid: | Leabhar |
| Teanga: | Undetermined |
| Foilsithe: |
Hà Nội
ĐH và THCN
1979
|
| Ábhair: | |
| Clibeanna: |
Cuir Clib Leis
Gan Chlibeanna, Bí ar an gcéad duine leis an taifead seo a chlibeáil!
|
| Thư viện lưu trữ: | Trung tâm Học liệu Trường Đại học Cần Thơ |
|---|
| LEADER | 00600nam a2200205Ia 4500 | ||
|---|---|---|---|
| 001 | CTU_1239 | ||
| 008 | 210402s9999 xx 000 0 und d | ||
| 082 | |a 515 | ||
| 082 | |b D567/T.5 | ||
| 100 | |a Jean, Dieudonné | ||
| 245 | 0 | |a Cơ sở giải tích hiện đại; T.5 | |
| 245 | 0 | |b Eléments d'analyse | |
| 245 | 0 | |c Jean Dieudonné, Phan Đức Chính | |
| 260 | |a Hà Nội | ||
| 260 | |b ĐH và THCN | ||
| 260 | |c 1979 | ||
| 526 | |a Tôpô đại cương | ||
| 526 | |b TN629 | ||
| 650 | |a Mathematical analysis | ||
| 980 | |a Trung tâm Học liệu Trường Đại học Cần Thơ | ||